01187nam a2200193Ia 4500001001000000003001000010008004100020040002500061041001300086100001700099245008300116250001100199260008700210300002800297500026000325501011400585520026000699650003400959L235-8026IT-CnALBA170116s9999||||xx |||||||||||||| ||und|| aIT-CnALBAcIT-CnALBA aITALIANO aAMEDEO RENZO 0aLA MADONNA DEL PILONE. DOCUMENTI STORICI DEL SANTUARIO DI VICOFORTE MONDOVI'.  a1a ed. aFOSSANO (CN)bTEC - TIPOLITOGRAFIA c1987 [1° Ed.:1987 - Ed.Ling.Originale: 1987] a206 p. (prefazione: 57) aDOCUMENTI. TESTIMONIANZE RACCONTI DI PELLEGRINI. REGINA MONTIS REGALIS. REGINA PACIS. STORIA DEL SANTUARIO. DESCRIZIONE DEI LUOGHI. AFFRESCHI DELLA MADONNA E IL DIACONO TROMBETTA. TAPPE VERSO LA MADONNA DI VICO. FATTI DI CRONACA. ORIGINI DEL SANTUARIO. VI aSocietà San Paolo EM - Piazza San Paolo, 14 - 12051 ALBA (CN) (non commercial uses only) ® Copyright 2017 aDOCUMENTI. TESTIMONIANZE RACCONTI DI PELLEGRINI. REGINA MONTIS REGALIS. REGINA PACIS. STORIA DEL SANTUARIO. DESCRIZIONE DEI LUOGHI. AFFRESCHI DELLA MADONNA E IL DIACONO TROMBETTA. TAPPE VERSO LA MADONNA DI VICO. FATTI DI CRONACA. ORIGINI DEL SANTUARIO. VI aMARIA SS. ANGELI SANTI DEMONI